Idea de la individualidad

Kaydedildi:
Detaylı Bibliyografya
Yazar: Millas Jiménez, Jorge (autor)
Materyal Türü: Kitap
Dil:İspanyolca
Baskı/Yayın Bilgisi: Santiago Universidad de Chile 1943
Konular:
Etiketler: Etiketle
Etiket eklenmemiş, İlk siz ekleyin!

MARC

LEADER 00000nam a2200000 a 4500
001 UCZ7863
003 CL-VaPUC
008 960112e19430000CL |||||||||||||||||spa|d
082 0 4 |a 155.2  |b MIL  |2 21 
100 |a Millas Jiménez, Jorge  |e autor  |9 600017 
245 1 0 |a Idea de la individualidad 
300 |a 224 p 
942 |c BK 
945 |d 19960112 00:00:00  |a rleighto 
260 |a Santiago  |b Universidad de Chile  |c 1943 
650 7 |a INDIVIDUALIDAD  |2 CL-VaPUC  |9 268124 
650 0 |a Filosofía   |9 223554 
650 7 |a FUTURO  |2 CL-VaPUC  |9 327615 
650 0 |a Libertad  |9 255686 
650 0 |a Libertad individual  |9 352859 
650 7 |a INDIVIDUO  |2 CL-VaPUC  |9 334576 
583 |a last modification  |c 19960112 00:00:00  |k Rodrigo Vera 
999 |c 243856  |d 243854 
952 |0 0  |1 0  |4 0  |6 155_200000000000000_MIL_1943  |7 0  |8 P  |9 257689  |a BIBEDU  |b BIBEDU  |c BIBEDU_PB  |d 2019-11-19  |i 3169308  |o 155.2 MIL 1943  |p 3169308  |r 2024-01-25  |w 2019-11-19  |y BK  |k FIL